| 000 | nam a22 a 4500 | ||
|---|---|---|---|
| 999 |
_c201821 _d201821 |
||
| 003 | BLK | ||
| 005 | 20210804123728.0 | ||
| 008 | 180411b bul|||||r ||||||| ||bul|| | ||
| 010 | _aKNG00211280000 | ||
| 040 | _aBLK | ||
| 041 |
_aBUL _cBUL |
||
| 072 | 7 |
_2bullib _aА _xФонд Михаил Арнаудов |
|
| 072 | 7 |
_2bullib _aЯ _xАвтографи |
|
| 080 |
_aБългарска литература _b821.163.2 _x-2 _z821.163.2-2 |
||
| 100 | 1 |
_aЕнчев, Илия _eпърви автор _9386256 |
|
| 139 |
_aЕнчев, Илия _bЕ 68 |
||
| 245 | 1 | 0 |
_aЗабравен грях _bДрама в 5 д. _cИлия Енчев; * Илия Енчев Тодоров. |
| 257 | _aBGR | ||
| 260 |
_aТърново _c1922 _fТърново : Е. п. Христов |
||
| 300 |
_a84 с. _c21 см |
||
| 380 | _aX | ||
| 490 |
_9396381 _aЧастна колекция - Академик Михаил Арнаудов _gДарение - Основен фонд |
||
| 500 | _aПълното име на авт. Илия Енчев Тодоров. - Фонд Михаил Арнаудов - пощенски бандерол: Адрес на М. Арнаудов до Соф. унив. и адрес на подателя Илия Енчев - учител(с. 40) ; Автограф с текст: На моя учител от университета Д- М. Арнаудов от автора : Ил. Енчев 8 април 1922 г. Гор. Оряховица. - Мека подв., неразрязана | ||
| 659 | _aА | ||
| 659 | _aЯ | ||
| 700 | 1 |
_aТодоров, Илия Енчев _e* _9349562 |
|
| 852 | _aЦб 8.205.2862 | ||
| 852 |
_aМА 2065 _bМА |
||
| 856 | 4 | _qpdf | |
| 856 | 4 | _qpdf | |
| 942 |
_cKNG _n0 _s1 |
||
| 944 |
_aCR _c15.08.2017 _kГеновева_Генчева |
||
| 944 |
_aED _c15.08.2017 _kГеновева_Генчева |
||
| 999 | _d201821 | ||
| 999 | _d201821 | ||
| 999 | _d201821 | ||